000 00781nam a22002172 4500
001 0000005930
005 20151217155829.0
008 070810s xx 000 0 eng d
020 _a100821365177 :
_cKES 550
040 _aKABU
_cKABU
050 0 _aHD1699
_b.K4C55
245 1 0 _aClimate variability and water resources degradation in Kenya :
_bimproving water resources development and management /
_cby Hezron Mogaka ... [et al.]
260 _aWashington, DC :
_bWorld Bank,
_c2006.
300 _axviii, 106 p.
650 0 _aWater Resources development
_zKenya.
_@0000151161
650 0 _aWater supply
_zKenya
_xManagement.
_@0000157237
700 1 _aMogaka, Hezron.
_@0000157238
908 _a070810
950 _@1
999 _c12999
_d12999